00669nam a2200181Ia 4500001000700000003000500007008004100012010001100053040000900064100002700073245016600100260004100266300002100307502007500328650003000403650001500433650003900448Z_1457CHAP220113s1992 xx 000 0 und d a164546 cCHAP aLópez Pérez, Elvia aEvaluación de levamisol contra vermes gastroentéricos de ovinos utilizando dos vías de aplicación intramuscular y cutánea /cpor Elvia López Pérez aChapingo, Méx. :bEl autor,c1992 a62 h. ; gráfs. aTesis (Ing. Agr. Esp. en Zootecnia) -- UACH. Departamento de Zootecnia aGanado lanarxParásitos aLevamisol  aNemátodos parásitos de ovinos